000 00427cam a22001691 4500
001 sa 64001631
003 DLC
005 20260227112003.0
008 930818m19611986ii 000 0 eng
010 _asa 64001631
040 _aDLC
_cDLC
050 0 0 _aLAW <India Andhra Pradesh 2>
110 1 _aAndhra Pradesh (India)
245 1 4 _aThe Andhra Pradesh code.
260 _aHyderabad,
_c1961-1986.
300 _a7 v. ;
_c26 cm.
999 _c56843
_d56843